| 000 | 00787nam a2200241 a 4500 | ||
|---|---|---|---|
| 005 | 20240806064156.0 | ||
| 008 | 040305s2001 mx r 000 0 spa d | ||
| 020 | _a9506180806 | ||
| 035 | _aUPN01000132510 | ||
| 049 | _aCG | ||
| 050 | 4 |
_aBF175 _bF5.7 2001 |
|
| 100 | 1 | _aFerenczi, Sandor | |
| 245 | 1 | 0 |
_aTeoría y técnica del psicoanálisis / _cSandor Ferenczi ; comp. John Rickman ; tr. Enrique Kennedy. |
| 250 | _a2a ed. | ||
| 260 |
_aBuenos Aires : _bLumen-Hormé, _c2001. |
||
| 300 | _a367 p. | ||
| 440 | 0 | _aGrandes obras del psicoanálisis | |
| 534 |
_pTítulo original : _tFurther contributions to the theory and technique of psychoanalysis |
||
| 650 | 4 |
_aPsicoanálisis _91572 |
|
| 650 | 4 |
_aSUEÑO _914240 |
|
| 650 | 4 |
_aSIMBOLISMO (PSICOLOGIA) _918469 |
|
| 905 | _aLibro | ||
| 999 |
_c104664 _d104664 |
||